Normal view
MARC view
- Timm, Paul R.
Entry Personal Name
001 - CONTROL NUMBER
- control field: 1456
003 - CONTROL NUMBER IDENTIFIER
- control field: OSt
005 - DATE AND TIME OF LATEST TRANSACTION
- control field: 20170504151640.0
008 - FIXED-LENGTH DATA ELEMENTS
- fixed length control field: 170504|| aca||aabn | a|a d
040 ## - CATALOGING SOURCE
- Original cataloging agency: OSt
- Transcribing agency: OSt
100 ## - HEADING--PERSONAL NAME
- Personal name: Timm, Paul R.
670 ## - SOURCE DATA FOUND
- Source citation: Work cat.: (OSt): Timm, Paul R., Successful self-management, c1993.

PORTAL AKMAL
E-MEL JKDM
AKMAL2U
G-BAM
u-PUSTAKA